000
00342nam a2200133Ia 4500
008
230516s1989 xx 000 0 und d
041
_a
eng
082
_a
612.611/WIN
100
_a
Winwood &SSmith
245
_a
Anatomy & Physiology for Nurses
260
_b
EDWALD ARNOLD
_c
1989
300
_a
311
650
_a
HUMAN ANATOMY AND PHYSIOLOGY
999
_c
385633
_d
385633